Osobný bankrot namiesto exekútorov
Najviac osobných bankrotov v období rokov 2004-2008. Na Slovensku vedie Banskobystrický a Bratislavský kraj. Osobný bankrot ako nástroj, nie hanba. Dve etapy osobného bankrotu - konkurz a následne oddlženie. Firmy krachujú menej. Osobný bankrot v zahraničí.
Salvato in:
| Autore principale: | |
|---|---|
| Natura: | Capitolo di libro |
| Lingua: | slovacco |
| Soggetti: | |
| Tags: |
Nessun Tag, puoi essere il primo ad aggiungerne!!
|
MARC
| LEADER | 00000naa a2200000 4500 | ||
|---|---|---|---|
| 001 | 0215949 | ||
| 005 | 20231113083846.2 | ||
| 041 | 0 | |a slo | |
| 044 | |a SK | ||
| 245 | 1 | 0 | |a Osobný bankrot namiesto exekútorov |c Klaudia Lászlóová |
| 520 | |a Najviac osobných bankrotov v období rokov 2004-2008. Na Slovensku vedie Banskobystrický a Bratislavský kraj. Osobný bankrot ako nástroj, nie hanba. Dve etapy osobného bankrotu - konkurz a následne oddlženie. Firmy krachujú menej. Osobný bankrot v zahraničí. | ||
| 610 | 2 | 0 | |a osoby fyzické |
| 610 | 2 | 0 | |a podnikatelia |
| 610 | 2 | 0 | |a podnikanie |
| 610 | 2 | 0 | |a úver |
| 610 | 2 | 0 | |a zadlženosť |
| 610 | 2 | 0 | |a dlhy |
| 610 | 2 | 0 | |a bankrot |
| 100 | 1 | |a Lászlóová, Klaudia | |